Physical and chemical data : CCOFI Cruise 5411 (MLR 66) 10-16 November and CCOFI Cruise 5412 (MLR 67) 30 November-16 December 1954.

Bibliographic Details
Corporate Authors: Scripps Institution of Oceanography, California. Marine Research Committee, California Cooperative Oceanic Fisheries Investigations (Program)
Format: Book
Language:English
Published: La Jolla : Scripps Institution of Oceanography, 1959.
Series:SIO reference ; no. 60-1.
Subjects:

MARC

Tag First Indicator Second Indicator Subfields
LEADER 00000cam a2200000 a 4500
001 in00000777021
005 20151017054021.0
008 880523s1959 caua t 00000 eng d
035 |a (OCoLC)17988223 
035 |9 ADL7212AM 
040 |a TXA  |c TXA  |d UtOrBLW 
043 |a p------ 
049 1 |a TXA2 
090 |a GC1  |b .C37 no. 60-1 
110 2 |a Scripps Institution of Oceanography. 
245 1 0 |a Physical and chemical data :  |b CCOFI Cruise 5411 (MLR 66) 10-16 November and CCOFI Cruise 5412 (MLR 67) 30 November-16 December 1954. 
264 1 |a La Jolla :  |b Scripps Institution of Oceanography,  |c 1959. 
300 |a vi, 45 unnumbered leaves :  |b illustrations, tables ;  |c 28 cm. 
336 |a text  |b txt  |2 rdacontent 
337 |a unmediated  |b n  |2 rdamedia 
338 |a volume  |b nc  |2 rdacarrier 
490 1 |a SIO reference ;  |v no. 60-1 
500 |a Sponsored by Marine Research Committee. 
650 0 |a Chemical oceanography. 
650 0 |a Oceanography  |z Pacific Ocean. 
710 1 |a California.  |b Marine Research Committee. 
710 2 |a California Cooperative Oceanic Fisheries Investigations (Program) 
830 0 |a SIO reference ;  |v no. 60-1. 
999 |a MARS 
999 f f |s 087bae1e-4767-3eb3-81bf-5bc387843fdc  |i 2eba417f-88c3-3d46-b7d8-263b257373ee  |t 0 
952 f f |p ric  |a Texas A&M University  |b Rellis Campus  |c Joint Library Facility  |d Remote Storage  |t 0  |e GC1 .C37 no.60-1  |h Library of Congress classification  |i unmediated -- volume  |m A14810833559 
998 f f |a GC1 .C37 no.60-1  |t 0  |l Remote Storage